Giáo trình pháp luật và sự phát triển bền vững : Dùng cho đào tạo sau đại học ngành Luật

Nội dung tài liệu chia thành 3 khối kiến thức: Những nhận thức chung về phát triển bền vững; Các hình thái giá trị xã hội của pháp luật trước yêu cầu của sự phát triển bền vững; Trạng thái và các quan điểm, giải pháp thúc đẩy phát tr...

תיאור מלא

שמור ב:
מידע ביבליוגרפי
מחבר ראשי: Nguyễn Văn Đại (Chủ biên)
מחברים אחרים: Đinh Ngọc Thắng, Lê Vương Long, Tạ Quang Ngọc
פורמט: ספר
שפה:Vietnamese
יצא לאור: Nghệ An Đại học Vinh 2021
נושאים:
תגים: הוספת תג
אין תגיות, היה/י הראשונ/ה לתייג את הרשומה!
Thư viện lưu trữ: Thư viện Trường Đại học Nam Cần Thơ
LEADER 01669nam a22002417a 4500
001 NCT_4_012268
008 240912b xxu||||| |||| 00| 0 vie d
999 |c 8578  |d 8578 
020 |a 9786049235900  |c 86000 
082 0 4 |2 23rd ed.  |a 340.597  |b L431 
100 1 |a Nguyễn Văn Đại  |e Chủ biên 
245 1 0 |a Giáo trình pháp luật và sự phát triển bền vững :  |b Dùng cho đào tạo sau đại học ngành Luật  |c Nguyễn Văn Đại (Chủ biên); Đinh Ngọc Thắng, Lê Vương Long, Tạ Quang Ngọc 
260 |a Nghệ An  |b Đại học Vinh  |c 2021 
300 |a 286 tr.  |c 24cm 
520 3 |a Nội dung tài liệu chia thành 3 khối kiến thức: Những nhận thức chung về phát triển bền vững; Các hình thái giá trị xã hội của pháp luật trước yêu cầu của sự phát triển bền vững; Trạng thái và các quan điểm, giải pháp thúc đẩy phát triển bền vững ở Việt Nam đến hiện nay, Việt Nam tầm nhìn chiến lược. 
653 |a Luật học 
700 1 |a Đinh Ngọc Thắng 
700 1 |a Lê Vương Long 
700 1 |a Tạ Quang Ngọc 
942 |2 ddc  |c BK 
952 |0 0  |1 0  |2 ddc  |4 0  |6 340_597000000000000_L431  |7 0  |9 29325  |a 000001  |b 000001  |d 2024-09-12  |o 340.597 L431  |p MD.22658  |r 2024-09-12  |v 86000.00  |w 2024-09-12  |y BK 
952 |0 0  |1 0  |2 ddc  |4 0  |6 340_597000000000000_L431  |7 0  |9 29326  |a 000001  |b 000001  |d 2024-09-12  |l 2  |o 340.597 L431  |p MD.22659  |r 2025-08-11  |s 2025-08-11  |v 86000.00  |w 2024-09-12  |y BK 
980 |a Thư viện Trường Đại học Nam Cần Thơ